Piccolo book of parties and party books (Record no. 8993)

MARC details
000 -LEADER
fixed length control field 00587cam a2200229ua 4500
001 - CONTROL NUMBER
control field 10002
005 - DATE AND TIME OF LATEST TRANSACTION
control field 20260515114543.0
008 - FIXED-LENGTH DATA ELEMENTS--GENERAL INFORMATION
fixed length control field 170314n enk |||gr||||Z||||||eng
020 ## - INTERNATIONAL STANDARD BOOK NUMBER
International Standard Book Number 0330237381
040 ## - CATALOGING SOURCE
Transcribing agency MAIN
041 ## - LANGUAGE CODE
Language code of text/sound track or separate title eng
082 ## - DEWEY DECIMAL CLASSIFICATION NUMBER
Classification number 808
100 ## - MAIN ENTRY--PERSONAL NAME
Personal name Manley, Deborah,
Relator term Author.
245 ## - TITLE STATEMENT
Title Piccolo book of parties and party books
Statement of responsibility, etc. By Deborah Manley and Peta Ree
250 ## - EDITION STATEMENT
Edition statement 1st ed.
260 ## - PUBLICATION, DISTRIBUTION, ETC.
Place of publication, distribution, etc. London:
Name of publisher, distributor, etc. Piccolo,
Date of publication, distribution, etc. 1973.
300 ## - PHYSICAL DESCRIPTION
Extent 154p.
653 ## - INDEX TERM--UNCONTROLLED
Uncontrolled term Rhetoric & collections of literature
653 ## - INDEX TERM--UNCONTROLLED
Uncontrolled term Sports
700 ## - ADDED ENTRY--PERSONAL NAME
Personal name Ree, Peta,
Relator term Author.
942 ## - ADDED ENTRY ELEMENTS (KOHA)
Koha item type Books
Holdings
Withdrawn status Lost status Damaged status Not for loan Home library Current library Shelving location Date acquired Total checkouts Full call number Barcode Date last seen Copy number Price effective from Koha item type
        Naharkatiya College Library Naharkatiya College Library General stacks 09/19/2020   808MAN 6030 09/19/2020 1 09/19/2020 Books